La Ciencia física en la edad media / (Record no. 34061)
[ view plain ]
| 000 -LEADER | |
|---|---|
| fixed length control field | 00649nam a22002057a 4500 |
| 005 - DATE AND TIME OF LATEST TRANSACTION | |
| control field | 20150124123936.0 |
| 008 - FIXED-LENGTH DATA ELEMENTS--GENERAL INFORMATION | |
| fixed length control field | 121023t mx||||| |||| 00| 0 spa d |
| 020 ## - INTERNATIONAL STANDARD BOOK NUMBER | |
| International Standard Book Number | 9681614429 |
| 050 04 - LIBRARY OF CONGRESS CALL NUMBER | |
| Classification number | Q125 |
| Item number | G72 1983 |
| 100 1# - MAIN ENTRY--PERSONAL NAME | |
| Personal name | Grant, Edward |
| 245 10 - TITLE STATEMENT | |
| Title | La Ciencia física en la edad media / |
| Statement of responsibility, etc | Edward Grant ; tr. Adalberto Weinberger. |
| 250 ## - EDITION STATEMENT | |
| Edition statement | 1a ed. |
| 260 ## - PUBLICATION, DISTRIBUTION, ETC. (IMPRINT) | |
| Place of publication, distribution, etc | México : |
| Name of publisher, distributor, etc | Fondo de Cultura Económica, |
| Date of publication, distribution, etc | 1983 |
| 300 ## - PHYSICAL DESCRIPTION | |
| Extent | 241 p. : |
| Dimensions | 17 cm. |
| 490 ## - SERIES STATEMENT | |
| Series statement | (Breviario ; fondo de cultura economica ) |
| Volume number/sequential designation | V. 352 |
| 504 ## - BIBLIOGRAPHY, ETC. NOTE | |
| Bibliography, etc | Incluye ìndice |
| 650 #7 - SUBJECT ADDED ENTRY--TOPICAL TERM | |
| Source of heading or term | Lemb |
| Topical term or geographic name as entry element | Ciencia |
| General subdivision | Historia |
| 700 1# - ADDED ENTRY--PERSONAL NAME | |
| Personal name | Weinberger, Adalberto, |
| Relator term | tr. |
| 942 ## - ADDED ENTRY ELEMENTS (KOHA) | |
| Source of classification or shelving scheme | Clasificación Decimal Dewey |
| Koha item type | Libro |
| Estado de pérdida | Fuente de clasificación | Estado del daño | No para préstamo | Ubicación permanente | Ubicación actual | Apartado o colección | Fecha de adquisición | Fuente de adquisición | Clasificación | Código de Barras | Date last seen | Número de copia | Tipo de recurso | Nota pública | Edición | Área del conocimiento | Total Checkouts | Costo por reposición |
|---|---|---|---|---|---|---|---|---|---|---|---|---|---|---|---|---|---|---|
| Biblioteca del Cogreso de los Estados Unidos | Biblioteca de la Facultad de Físico Matemáticas | Biblioteca de la Facultad de Físico Matemáticas | General | 23/10/2012 | Q125 G72 1983 C:1 | FFM000006000 | 16/01/2015 | C:1 | Libro | Solo para Lectura | ||||||||
| Biblioteca del Cogreso de los Estados Unidos | Biblioteca de la Preparatoria Ing. Pascual Ortiz Rubio | Biblioteca de la Preparatoria Ing. Pascual Ortiz Rubio | General | 27/10/2015 | QC7 G7 1983 | PPO000003441 | 27/10/2015 | C:1 | Libro | 1a. ed. | Ciencias Naturales y Exactas | |||||||
| Biblioteca del Cogreso de los Estados Unidos | Biblioteca de la Preparatoria Ing. Pascual Ortiz Rubio | Biblioteca de la Preparatoria Ing. Pascual Ortiz Rubio | General | 27/10/2015 | QC7 G7 1983 | PPO000003442 | 27/10/2015 | C:2 | Libro | 1a. ed. | Ciencias Naturales y Exactas | |||||||
| Biblioteca del Cogreso de los Estados Unidos | Biblioteca de la Unidad de Ciencias Ingeniería y Humanidades | Biblioteca de la Unidad de Ciencias Ingeniería y Humanidades | General | 27/01/2022 | Q125 G72 1983 | BCU000010169 | 27/01/2022 | 1 | Libro | 3a. ed. | Ciencias Naturales y Exactas | 1.00 | ||||||
| Biblioteca del Cogreso de los Estados Unidos | Biblioteca de la Unidad de Ciencias Ingeniería y Humanidades | Biblioteca de la Unidad de Ciencias Ingeniería y Humanidades | General | 27/01/2022 | Q125 G72 1983 | BCU000010170 | 27/01/2022 | 2 | Libro | 3a. ed. | Ciencias Naturales y Exactas | 1.00 |